000 00872nam a2200241 a 4500
001 BRCA_2308
005 20190320203743.0
008 190808s2006----mx-a---###---#000-0#spa-#
020 _a9689068075
041 _aspa
044 _amx
050 4 _aZ1029
_b.M466 2006
245 1 0 _aMemoria
_bPágina Web : Biblioteca y libro antiguo
_cbajo la coordinación de Elvia Carreño Velázquez.
260 _aMéxico
_bApoyo al Desarrollo de Archivos y Bibliotecas de México
_c2006
300 _a127 p.
_bil. a color
_c23 cm.
440 0 _aColección Memoria
_v7
_96915
610 2 4 _aApoyo al Desarrollo de Archivos y Bibliotecas de México (Ciudad de México)
_96916
650 1 4 _aLibros antiguos
_zMéxico
_96917
650 1 4 _aLibros
_xHistoria
_zMéxico
_96918
650 1 4 _aBiblioteca
_xIncunables
_zMéxico
_96919
700 1 _aCarreño Velázquez, Elvia
_96920
942 _2lcc
_cB
999 _c2053
_d2053